[Event "SVK-ch I/141 corr"]
[Site "Slovakia"]
[Date "2002.??.??"]
[Round "?"]
[White "Ballo, Rene"]
[Black "Bol, Jozef"]
[Result "0-1"]
[WhiteElo "1809"]
[BlackElo "1764"]
[PlyCount "46"]
[EventDate "2002.12.15"]
[EventType "tourn (corr)"]
[EventRounds "12"]
[EventCountry "SVK"]
[SourceTitle "Corr 2008"]
[Source "ChessBase"]
[SourceDate "2008.06.24"]
[SourceVersion "1"]
[SourceVersionDate "2008.06.24"]
[SourceQuality "1"]

1. e4 e5 2. Nf3 Nc6 3. d4 exd4 4. Nxd4 Nf6 5. Nxc6 bxc6 6. e5 Qe7 7. Qe2 Nd5 8. c4 Qb4+ 9. Nd2 Nf4 10. Qe4 Ne6 11. a3 Qc5 12. b4 Qd4 13. Qxd4 Nxd4 14. Bd3 Bb7 15. c5 a5 16. Bb2 Ne6 17. 0-0 Be7 18. Ne4 0-0 19. Rad1 axb4 20. axb4 Ra2 21. Bc3 Rd8 22. Bb1 Ra3 23. f4 Ba6 0-1

[Event "SVK-ch I/141 corr"]
[Site "Slovakia"]
[Date "2002.??.??"]
[Round "?"]
[White "Bol, Jozef"]
[Black "Siska, Bohuslav"]
[Result "0-1"]
[WhiteElo "1764"]
[BlackElo "1872"]
[PlyCount "84"]
[EventDate "2002.12.15"]
[EventType "tourn (corr)"]
[EventRounds "12"]
[EventCountry "SVK"]
[SourceTitle "Corr 2008"]
[Source "ChessBase"]
[SourceDate "2008.06.24"]
[SourceVersion "1"]
[SourceVersionDate "2008.06.24"]
[SourceQuality "1"]

1. c4 Nf6 2. Nc3 g6 3. d4 Bg7 4. e4 d6 5. Nf3 0-0 6. e5 dxe5 7. Nxe5 Nbd7 8. Bf4 c5 9. Nxd7 Nxd7 10. Be3 cxd4 11. Bxd4 Ne5 12. Bxe5 Bxe5 13. Qb3 Be6 14. Rd1 Qa5 15. Be2 b5 16. 0-0 bxc4 17. Qc2 Rab8 18. Na4 Bf5 19. Qxc4 Rb4 20. Rd5 Qxa4 21. b3 Qa3 22. Qc5 Bd6 23. Qa5 Qxa5 24. Rxa5 Rb7 25. Rc1 Rc8 26. Rxc8+ Bxc8 27. Ba6 Rc7 28. Bc4 Be6 29. Ra4 Bxc4 30. bxc4 Kg7 31. g3 Bc5 32. Kg2 Rd7 33. Ra5 Bb6 34. Rd5 Rxd5 35. cxd5 g5 36. f4 gxf4 37. Kf3 fxg3 38. hxg3 Kf6 39. Ke4 Bc7 40. g4 Kg5 41. Kf3 a5 42. a4 Bf4 0-1

[Event "SVK-ch I/141 corr"]
[Site "Slovakia"]
[Date "2002.??.??"]
[Round "?"]
[White "Dorociak, Peter"]
[Black "Bol, Jozef"]
[Result "1-0"]
[WhiteElo "1802"]
[BlackElo "1764"]
[PlyCount "57"]
[EventDate "2002.12.15"]
[EventType "tourn (corr)"]
[EventRounds "12"]
[EventCountry "SVK"]
[SourceTitle "Corr 2008"]
[Source "ChessBase"]
[SourceDate "2008.06.24"]
[SourceVersion "1"]
[SourceVersionDate "2008.06.24"]
[SourceQuality "1"]

1. e4 e5 2. Nf3 Nc6 3. Bc4 Nf6 4. Nc3 h6 5. d4 Bd6 6. Nb5 Qe7 7. Qe2 0-0 8. d5 Na5 9. Nh4 Kh7 10. Nf5 Qd8 11. Bd3 b6 12. Nfxd6 cxd6 13. Nxd6 Qc7 14. Nf5 g5 15. b4 Qc3+ 16. Qd2 Qxa1 17. bxa5 Qxa2 18. h4 Qxa5 19. c3 Kg6 20. hxg5 Ng8 21. gxh6 f6 22. h7 Kf7 23. h8Q Ke8 24. Qg7 Qc5 25. Rh8 Kd8 26. Rxg8 Rxg8 27. Qxg8+ Kc7 28. Ba6 Bb7 29. d6+ 1-0